Plain english ata work : (Record no. 128434)
[ view plain ]
| 000 -LEADER | |
|---|---|
| fixed length control field | 00754nam a22002297a 4500 |
| 005 - DATE AND TIME OF LATEST TRANSACTION | |
| control field | 20170124110039.0 |
| 010 ## - LIBRARY OF CONGRESS CONTROL NUMBER | |
| LC control number | A-843629 |
| 020 ## - INTERNATIONAL STANDARD BOOK NUMBER | |
| Terms of availability | 00.00 |
| International Standard Book Number | 0195104498 |
| 035 ## - SYSTEM CONTROL NUMBER | |
| System control number | A-843629 |
| 037 ## - SOURCE OF ACQUISITION | |
| Source of stock number/acquisition | Cen Lib/Ret |
| 040 ## - CATALOGING SOURCE | |
| Original cataloging agency | DPL |
| Language of cataloging | EN |
| 082 ## - DEWEY DECIMAL CLASSIFICATION NUMBER | |
| Classification number | 808.06665 |
| Item number | BAI |
| 100 ## - MAIN ENTRY--PERSONAL NAME | |
| Personal name | Baily, Edward P. |
| 9 (RLIN) | 102313 |
| 245 ## - TITLE STATEMENT | |
| Title | Plain english ata work : |
| Statement of responsibility, etc | by Edward P. Baily |
| Remainder of title | a guide to writing and speaking / |
| 260 ## - PUBLICATION, DISTRIBUTION, ETC. (IMPRINT) | |
| Place of publication, distribution, etc | New York |
| Name of publisher, distributor, etc | Oxford Universityb Press |
| Date of publication, distribution, etc | 1996 |
| 270 ## - ADDRESS | |
| City | New York |
| Address | 198, madison avenue |
| Postal code | 10016 |
| 300 ## - PHYSICAL DESCRIPTION | |
| Extent | xiv, 286p. |
| Dimensions | 21cm(Hb) |
| 500 ## - GENERAL NOTE | |
| General note | Includes appendix and index |
| 650 ## - SUBJECT ADDED ENTRY--TOPICAL TERM | |
| Topical term or geographic name as entry element | English language |
| General subdivision | Business English |
| 9 (RLIN) | 102314 |
| 650 ## - SUBJECT ADDED ENTRY--TOPICAL TERM | |
| Topical term or geographic name as entry element | Business presentations |
| 9 (RLIN) | 102315 |
| 942 ## - ADDED ENTRY ELEMENTS (KOHA) | |
| Source of classification or shelving scheme | Dewey Decimal Classification |
| Koha item type | English Books |
| Classification part | 808.06665 |
| Call number suffix | BAI |
| Withdrawn status | Lost status | Damaged status | Not for loan | Home library | Current library | Date acquired | Source of acquisition | Cost, normal purchase price | Total Checkouts | Total Renewals | Full call number | Barcode | Date last seen | Date checked out | Copy number | Cost, replacement price | Price effective from | Koha item type |
|---|---|---|---|---|---|---|---|---|---|---|---|---|---|---|---|---|---|---|
| Central Library | Central Library | 02/07/2015 | Cen Lib/Ret | 0.00 | 1 | 2 | 808.06665 BAI | A-843629 | 17/01/2022 | 06/12/2021 | 1 | 0.00 | 02/07/2015 | English Books |
